000 00633nam a22001697a 4500
008 230331b |||||||| |||| 00| 0 eng d
020 _a0852559666.
050 _aBX6198.A6 M465
100 _aMaxwell, David
_952304
245 _aAfrican gifts of the spirit;
_bpentecostalism and the rise of a Zimbabwe transnational religious movement,
_cDavid, Maxwell
260 _aZimbabwe:
_bWeaver Press
_c2006.
300 _axv;
_b250p,
_c24cm.
650 _aAssemblies of God;
_zAfrica,
_952305
650 _aZimbabwe assemblies if God;
_zAfrica.
_952306
650 _aPentecostal churches;
_vHarare,
_zZimbabwe.
_952307
942 _2lcc
_cMONOGRAPH
999 _c131731
_d131731